Windows NT 4. 0 workstation : (Record no. 132895)

MARC details
000 -LEADER
fixed length control field 00842nam a22002417a 4500
005 - DATE AND TIME OF LATEST TRANSACTION
control field 20170124110201.0
010 ## - LIBRARY OF CONGRESS CONTROL NUMBER
LC control number B-007087
020 ## - INTERNATIONAL STANDARD BOOK NUMBER
Terms of availability 00.00
International Standard Book Number 007463688
035 ## - SYSTEM CONTROL NUMBER
System control number B-007087
037 ## - SOURCE OF ACQUISITION
Source of stock number/acquisition Cen Lib/Ret
040 ## - CATALOGING SOURCE
Original cataloging agency DPL
Language of cataloging EN
082 ## - DEWEY DECIMAL CLASSIFICATION NUMBER
Classification number 005.4469
Item number KIN
100 ## - MAIN ENTRY--PERSONAL NAME
Personal name Kinnaman, Dave
9 (RLIN) 36066
245 ## - TITLE STATEMENT
Title Windows NT 4. 0 workstation :
Statement of responsibility, etc by Dave Kinnaman [and] Lou Ann Ballew
Remainder of title accelerated MCSE study guide /
260 ## - PUBLICATION, DISTRIBUTION, ETC. (IMPRINT)
Place of publication, distribution, etc New Delhi
Name of publisher, distributor, etc Tata McGraw-Hill Publishing
Date of publication, distribution, etc 1999
270 ## - ADDRESS
Address 7 West Patel Nagar
City New Delhi
Postal code 110008
300 ## - PHYSICAL DESCRIPTION
Extent x,339p. :
Dimensions 21cm(Hb)
Other physical details ill.
500 ## - GENERAL NOTE
General note Includes index
650 ## - SUBJECT ADDED ENTRY--TOPICAL TERM
Topical term or geographic name as entry element Electronic data processing personnel--Certification
9 (RLIN) 73710
650 ## - SUBJECT ADDED ENTRY--TOPICAL TERM
Topical term or geographic name as entry element Microsoft software--Examinations-- Study guides
9 (RLIN) 36068
700 ## - ADDED ENTRY--PERSONAL NAME
Personal name Ballew, Lou Ann
9 (RLIN) 73711
942 ## - ADDED ENTRY ELEMENTS (KOHA)
Source of classification or shelving scheme Dewey Decimal Classification
Koha item type English Books
Classification part 005.4469
Call number suffix KIN
Holdings
Withdrawn status Lost status Damaged status Not for loan Home library Current library Date acquired Source of acquisition Cost, normal purchase price Total Checkouts Full call number Barcode Date last seen Copy number Cost, replacement price Price effective from Koha item type Public note
Withdrawn       Central Library Central Library 24/07/2015 Cen Lib/Ret 0.00   005.4469 KIN B-007087 24/07/2015 1 0.00 24/07/2015 English Books W/d list no. 6804/23

© Delhi Public Library
Hit Counter
free hit counter